000 00210nam a22000857a 4500
999 _c11057
_d11057
008 180810b ||||| |||| 00| 0 eng d
100 _aTwain Mark
_96839
245 _aTom Sawyer
260 _aNew Delhi
_bCampfire
_c2016